000 02334nkc a22002537a 4500
001 85845
005 20260429125216.0
007 kh bo
008 260429s1920 sp ||||| |||| |0| i|spa d
040 _aM-RABA
_bspa
_cM-RABA
245 0 1 _a[Pintura del S.XVII
_b: Rubens, Zurbarán y Morales]
_h[Material gráfico]
260 _c[ca.1920]
300 _a3 fotografías
_b: aristotipo
_c, imagen 22 x 16 cm (medidas máximas)
500 0 0 _aConjunto de 3 fotografías de pinturas del Siglo XVII de los pintores Rubens, Zurbarán y Morales.
500 0 0 _aFot-811: Las tres Virtudes Teologales (Rubens). El cuadro hoy se halla en paradero desconocido . Se cree perdido en la Segunda Guerra Mundial. Anotación manuscrita a tinta en el verso: "0.90 ancho x 1.08 1/2 alto". Nota manuscrita a lápiz en el verso: "Atribuido a Rubens". Fot-812: San Francisco de Asís recibiendo los estigmas. Nota manuscrita a tinta en el verso: "1,49 alto x 1,76 1/2 ancho". Nota manuscrita a lápiz en el verso: "Atribuido a Zurbarán". Zurbarán ya tienen atribuido un cuadro con este nombre, perteneciente a la colección de subastas de Godoy. Fot-813: Ecce Homo. El original se encuentra en la sacristía de la Cartuja de Jerez. Nota manuscrita a tinta en el verso: "0,44 ancho x 0,61 alto". Nota manuscrita a lápiz en el verso: "Atribuido a Divino Morales".
500 0 0 _aLas fotografías se encuentran acompañadas de un sobre con la inscripción mecanografiada: "Excmo. Sr. Don Javier García de Leaniz". La fecha de las fotografías está tomada de forma aproximada a el ascenso de Javier García como director general de Bellas Artes en 1920.
500 0 0 _aLa Fot-811 esta nombrada de forma errónea dentro de Colecciones como "Fot-00810".
655 7 _aFotografías de obras de arte
_975675
852 _jFot-811; Fot-812; Fot-813
856 _uhttps://archivoybiblioteca.realacademiabellasartessanfernando.com/cgi-bin/koha/opac-retrieve-file.pl?id=327f93fecfe8645a8910812df1d752b9
_yFot-811
856 _uhttps://archivoybiblioteca.realacademiabellasartessanfernando.com/cgi-bin/koha/opac-retrieve-file.pl?id=7792eb714ca5f537244c9337380c51ec
_yFot-812
856 _uhttps://archivoybiblioteca.realacademiabellasartessanfernando.com/cgi-bin/koha/opac-retrieve-file.pl?id=8210274b67d088d9b72a7379b0107243
_yFot-813
942 _cFOTOGRAFÍA
_n0
999 _c85845
_d85845